00477 a2200169 4500001000700000020001800007040003500025100003800060240002300098245001800121300001100139362000900150697001500159942000700174952010700181999001900288156879 a9788532298324 cEscola São Tomás de Aquino aRODRIGUES, Joelza Ester Domingues10aProjeto Athoslpor10aProjeto Athos a256 p.0 a2014 aHistória cBK 00104070a12.22b12.22d2024-04-30l0o900 ROD PROpEST00011370r2024-04-30 22:14:16w2024-04-30yBK c156879d156879